La tassazione della famiglia: aspetti nazionali e comparati (Record n. 210258)

Dettagli MARC
000 -LEADER
fixed length control field 01337nam a2200205Ia 4500
001 - CONTROL NUMBER
control field b6756-48505
003 - CONTROL NUMBER IDENTIFIER
control field IT-MiCISF
008 - FIXED-LENGTH DATA ELEMENTS--GENERAL INFORMATION
fixed length control field 161014s9999||||xx |||||||||||||| ||und||
040 ## - CATALOGING SOURCE
Original cataloging agency IT-MiCISF
Transcribing agency IT-MiCISF
041 ## - LANGUAGE CODE
Language code of text/sound track or separate title it, fr, sp
999 ## - SYSTEM CONTROL NUMBERS (KOHA)
Koha Dewey Subclass [OBSOLETE] si
100 ## - MAIN ENTRY--PERSONAL NAME
Personal name Sacchetto Claudio (a cura di)
245 #0 - TITLE STATEMENT
Title La tassazione della famiglia: aspetti nazionali e comparati
250 ## - EDITION STATEMENT
Edition statement 1a ed.
260 ## - PUBLICATION, DISTRIBUTION, ETC. (IMPRINT)
Place of publication, distribution, etc. Soveria Mannelli (CZ)
Name of publisher, distributor, etc. Rubbettino
Date of publication, distribution, etc. 2010
300 ## - PHYSICAL DESCRIPTION
Extent pp. 169
500 ## - GENERAL NOTE
General note Sacchetto C., Sacco R., Beltrame P., Alburquenque Lillo S., Barassi M., Bizioli G., Pezzini B., Lorenzetti A., Leroy M. / politica-familiare, comparazione, diritto, reddito / La famiglia è l'istituzione che crea la vita, la famiglia vive essa stessa nella vita che crea, vive nella storia e nella società che perpetua. La fiscalità è strumento per il raggiungimento del bene comune, nel cui ambito sta anche l'istituto della famiglia. La tassazione della famiglia in Italia, che finora l'ha ignorata quando non apertamente penalizzata, può e deve migliorare, e i sistemi di tassazione stranieri possono insegnarci come migliorare la nostra situazione. Questo libro è una riflessione sul perché e come può migliorare la fiscalità della famiglia.
650 ## - SUBJECT ADDED ENTRY--TOPICAL TERM
Topical term or geographic name as entry element Famiglia nella società / politica-familiare
Relator term 006
942 ## - ADDED ENTRY ELEMENTS (KOHA)
Koha item type LIBRO
957 ## -
-- 1
999 ## - SYSTEM CONTROL NUMBERS (KOHA)
-- 1
Dati di copia
Withdrawn status Lost status Damaged status Not for loan Home library Current library Date acquired Total Checkouts Full call number Date last seen Price effective from Koha item type Public note
    Buone Condizioni Not For Loan CISF - Milano CISF - Milano 14/10/2016   b6756-48505 14/10/2016 14/10/2016 LIBRO Data import 15.10.2016 / by Epidotti, Vaglietti
CREDITS: SOCIETA' SAN PAOLO Via A.Severo, 58 - ROMA (RM) & PERIODICI SAN PAOLO SRL Via Giotto, 36 MILANO & CISF Via Giotto, 36 MILANO & EDIZIONI SAN PAOLO SRL,  Piazza Soncino, 5 CINISELLO BALSAMO (MI) -- ITALY